| 000 | 00797nam a2200229 i 4500 | ||
|---|---|---|---|
| 001 | 129533 | ||
| 003 | ES-MaACL | ||
| 007 | t| | ||
| 008 | 070626s1951 ag ||||1| spa d | ||
| 080 | _a621.039 | ||
| 100 | 1 |
_aThibaud, Jean. _9109915 |
|
| 245 | 1 | 3 |
_aEl poder del átomo _b: de la utilización industrial y del control de la energía atómica en el gobierno mundial / _cJean Thibaud ; traducción de Cortés Plá. |
| 250 | _a[1ª ed.]. | ||
| 260 |
_a[Buenos Aires] : _bEspasa-Calpe, _c[1951] |
||
| 300 |
_a242 p. ; _c21 cm. |
||
| 490 | 1 | _aNueva ciencia, nueva técnica | |
| 650 | 1 | 4 |
_aEnergía nuclear- _vObras de divulgación. _912255 |
| 700 | 1 |
_aCortés Plá. _940898 |
|
| 830 | 0 |
_aNueva ciencia, nueva técnica _9181572 |
|
| 852 |
_aES-MaACL _jC-5825 _bR.35231 |
||
| 999 |
_c129533 _d129533 |
||